| 000 | 01163cam a22002415a 4500 | ||
|---|---|---|---|
| 001 | L159427 | ||
| 008 | 170627s2017 xxk f 000 0 eng d | ||
| 035 | _a(Sirsi) u159427 | ||
| 041 | 0 | _aeng | |
| 110 | 2 |
_aRoyal Institution of Chartered Surveyors _94900 |
|
| 245 | 0 | 0 |
_aRICS Valuation - Global Standards 2017 _bBasis for conclusion _h[electronic resource] |
| 260 |
_aLondon _bRICS _c2017 |
||
| 490 | _aRICS Red Book | ||
| 520 | _aThe Basis for Conclusions explains the rationale behind the more significant changes made in the final version of the Red Book 2017 (L159426). Specifically, it addresses the main refinements made in consequence of the responses received to the public consultation. It has been produced purely to assist the reader and does not form part of the standards. | ||
| 590 | _aNTK | ||
| 650 | 2 | 4 | _aRICS VALUATION STANDARDS |
| 650 | 2 | 4 | _aINTERNATIONAL VALUATION STANDARDS 2017 |
| 650 | 2 | 4 | _aRED BOOK |
| 651 | 4 | _aInternational | |
| 690 |
_aValuation _96273 |
||
| 856 | 4 | 0 |
_uhttps://www.isurv.com/downloads/file/7355/archived_rics_valuation_%E2%80%93_global_standards_2017_basis_for_conclusions _zArchived on isurv |
| 942 |
_n0 _2ddc |
||
| 999 |
_c115890 _d115890 |
||